Present imperfect : contemporary South African writing
Saved in:
| Main Author | |
|---|---|
| Format | Electronic eBook |
| Language | English |
| Published |
Oxford :
Oxford University Press,
2017.
|
| Edition | First edition. |
| Subjects | |
| Online Access | Full text |
| ISBN | 9780192512536 9780191835551 9780198793762 |
| Physical Description | 1 online zdroj : ilustrace |
Cover
| LEADER | 00000cam a2200000 i 4500 | ||
|---|---|---|---|
| 001 | 113428 | ||
| 003 | CZ-ZlUTB | ||
| 005 | 20260601150323.0 | ||
| 006 | m o d | ||
| 007 | cr ||||||||||| | ||
| 008 | 170420s2017 enka fob 001 0 eng d | ||
| 020 | |a 9780192512536 |q (electronic bk.) | ||
| 020 | |a 9780191835551 |q (electronic bk.) | ||
| 020 | |z 9780198793762 | ||
| 035 | |a (OCoLC)987865062 |z (OCoLC)979973637 |z (OCoLC)980104716 |z (OCoLC)980476416 |z (OCoLC)980649432 |z (OCoLC)981033659 |z (OCoLC)981228058 |z (OCoLC)987850972 |z (OCoLC)988009875 | ||
| 040 | |a STBDS |b eng |c STBDS |d YDX |d OCLCO |d EBLCP |d N$T |d OCLCO |d OCLCL |d CLOUD |d OCLCQ |d OCLCO |d OCLCQ |e rda | ||
| 080 | |a 821(680) |2 MRF | ||
| 080 | |a 82.09 |2 MRF | ||
| 100 | 1 | |a Van der Vlies, Andrew, |d 1974- |e author | |
| 245 | 1 | 0 | |a Present imperfect : |b contemporary South African writing / |c Andrew van der Vlies. |
| 250 | |a First edition. | ||
| 264 | 1 | |a Oxford : |b Oxford University Press, |c 2017. | |
| 300 | |a 1 online zdroj : |b ilustrace | ||
| 336 | |a text |b txt |2 rdacontent | ||
| 337 | |a počítač |b c |2 rdamedia | ||
| 338 | |a online zdroj |b cr |2 rdacarrier | ||
| 500 | |a This edition previously issued in print: 2017. | ||
| 504 | |a Obsahuje bibliografické odkazy a index | ||
| 506 | |a Plný text je dostupný pouze z IP adres počítačů Univerzity Tomáše Bati ve Zlíně nebo vzdáleným přístupem pro zaměstnance a studenty | ||
| 588 | 0 | |a Online resource; title from home page (viewed on April 20, 2017). | |
| 590 | |a eBooks on EBSCOhost |b All EBSCO eBooks | ||
| 650 | 7 | |a jihoafrická literatura |2 ph184249 |7 czenas | |
| 650 | 7 | |a literárněvědné rozbory |2 ph138745 |7 czenas | |
| 650 | 9 | |a South African literature |2 eczenas | |
| 650 | 9 | |a literary criticism and history |2 eczenas | |
| 655 | 7 | |a elektronické knihy |7 fd186907 |2 czenas | |
| 655 | 9 | |a electronic books |2 eczenas | |
| 776 | 0 | 8 | |i Print version: |z 9780198793762 |
| 856 | 4 | 0 | |u https://search.ebscohost.com/login.aspx?direct=true&scope=site&db=nlebk&AN=1528998&authtype=ip,shib&custid=s3936755 |
| 942 | |2 udc | ||
| 992 | |c EBOOK-TN |c EBSCO | ||
| 993 | |x NEPOSILAT |y EIZ | ||
| 999 | |c 113428 |d 113428 | ||